000 00261nam a2200121Ia 4500
008 151001s9999||||xx |||||||||||||| ||und||
245 _aकोहरा
250 _a1
260 _bशकून
260 _c1984
300 _a192
365 _b18
999 _c965866
_d965863